[Event "AUTO-OPEN-2160"]
[Site "http://www.queenalice.com/game.php?id=856544"]
[Date "2010.11.8"]
[Round "1"]
[White "LangleySaxon"]
[Black "alexandre35"]
[Result "0-1"]
[WhiteElo "1595"]
[BlackElo "1653"]

1. e4 c5 2. Bc4 d6 3. Qf3 Nf6 4. Nc3 e5 5. Nd5 Be7 6. Nxf6+ Bxf6 7. Qh5 O-O 8.
d3 Nc6 9. Nf3 g6 10. Qh6 Bg7 11. Qe3 Na5 12. Ng5 Nxc4 13. Qg3 Na5 14. Qh4 h6 15.
Nf3 Qxh4 16. Nxh4 f5 17. Nxg6 Rf6 18. Ne7+ Kh8 19. exf5 Bxf5 20. Nd5 Rf7 21. Bd2
Nc6 22. O-O-O Nd4 23. f4 e4 24. dxe4 Bxe4 25. Ne3 Ne2+ 26. Kb1 Nxf4 27. Rhf1 Kg8
28. Nc4 Nxg2 29. Rg1 Bf3 30. Rdf1 Bd4 31. Ne3 Bxe3 32. Bxe3 Re8 33. Bxh6 Kh7 34.
Bc1 Nh4 0-1

[Event "AUTO-OPEN-2160"]
[Site "http://www.queenalice.com/game.php?id=856545"]
[Date "2010.11.8"]
[Round "1"]
[White "alexandre35"]
[Black "LangleySaxon"]
[Result "1-0"]
[WhiteElo "1667"]
[BlackElo "1577"]

1. c4 e5 2. Nc3 Bc5 3. d3 Qf6 4. e3 Ne7 5. Ne4 Qc6 6. Nf3 Ng6 7. Be2 Na6 8. O-O
Qe6 9. Nxc5 Nxc5 10. d4 exd4 11. exd4 Ne4 12. Re1 O-O 13. Bd3 Nd6 14. Rxe6 dxe6
15. Ne5 f6 16. Nf3 Ne7 17. c5 Ndf5 18. Qc2 Nd5 19. Bc4 c6 20. Bxd5 cxd5 21. b4
Bd7 22. g4 Ne7 23. g5 fxg5 24. Ne5 Be8 25. Bxg5 Ng6 26. Nxg6 Bxg6 27. Qe2 Be4
28. Be7 Bf3 29. Qxe6+ Rf7 30. Bd6 Bh5 31. Qxd5 Bg6 32. Re1 Kh8 33. b5 a6 34. a4
1-0

[Event "Heinrich79-LangleySaxon"]
[Site "http://www.queenalice.com/game.php?id=857954"]
[Date "2010.11.12"]
[Round "-"]
[White "heinrich79"]
[Black "LangleySaxon"]
[Result "0-1"]
[WhiteElo "1601"]
[BlackElo "1610"]

1. d4 d5 2. c4 Nc6 3. Nf3 Bf5 4. e3 Be4 5. Nc3 Nf6 6. cxd5 Nxd5 7. Bd3 Bxd3 8.
Qxd3 Ncb4 9. Qb5+ c6 10. Qe2 Qb6 11. O-O e6 12. e4 Nc7 13. Be3 Qa5 14. Ne5 Bd6
15. Nc4 Qa6 16. Qf3 Qxc4 17. e5 Be7 18. Ne4 Nd3 19. h3 Nxb2 20. Nd2 Qd3 21. g3
Nb5 22. Kg2 Bg5 23. h4 Be7 24. Rab1 Ba3 25. Nb3 O-O-O 26. Qxf7 Qe4+ 27. Kg1 Nc3
28. Na5 Ne2+ 29. Kh2 Rd7 30. Qxe6 Rd8 31. Qb3 Bb4 32. Qxb4 Nd3 33. Qd2 Ndf4 34.
gxf4 Nxf4 35. Bxf4 Rf7 36. Qb2 Qxf4+ 37. Kg2 Qg4+ 38. Kh2 Qxh4+ 39. Kg2 Rxd4 40.
f3 Qg5+ 41. Kf2 Rd2+ 42. Qxd2 Qxd2+ 43. Kg1 Qg5+ 44. Kf2 b6 45. Nxc6 Rf4 46.
Rbd1 Kb7 47. Na5+ Ka6 48. Nc6 Qg4 49. Rd6 Qxf3+ 50. Ke1 Re4+ 51. Kd2 Qxf1 52.
Rd3 Qe1+ 53. Kc2 Rc4+ 54. Kb3 Rxc6 55. Rd6 Qb1+ 56. Ka3 Rc3+ 57. Ka4 Qxa2+ 58.
Kb4 Qb3# 0-1

[Event "Let's Play Chess!"]
[Site "http://www.queenalice.com/game.php?id=868120"]
[Date "2010.12.5"]
[Round "-"]
[White "shobby55"]
[Black "LangleySaxon"]
[Result "1-0"]
[WhiteElo "1582"]
[BlackElo "1562"]

1. e4 e5 2. a3 Qf6 3. Qf3 Bc5 4. Be2 Qg6 5. Qg4 Qf6 6. Qf5 Qb6 7. Nh3 Nf6 8. O-O
Nc6 9. b4 Nd4 10. Qg5 Nxe2+ 11. Kh1 Nxc1 12. Rxc1 Nxe4 13. Qxe5+ Be7 14. Qxe4
1-0

[Event "Let's Play Chess!"]
[Site "http://www.queenalice.com/game.php?id=868122"]
[Date "2010.12.5"]
[Round "-"]
[White "LangleySaxon"]
[Black "shobby55"]
[Result "0-1"]
[WhiteElo "1544"]
[BlackElo "1597"]

1. e4 d5 2. e5 e6 3. d4 a6 4. Nf3 h6 5. Bf4 Bb4+ 6. Nbd2 Bxd2+ 7. Qxd2 Ne7 8.
Bd3 O-O 9. O-O Nbc6 10. Bxh6 Ng6 11. Bxg6 fxg6 12. Bg5 Qe8 13. Nh4 Ne7 0-1

[Event "Let's Play Chess!"]
[Site "http://www.queenalice.com/game.php?id=868144"]
[Date "2010.12.5"]
[Round "-"]
[White "LangleySaxon"]
[Black "Scaracioli"]
[Result "1-0"]
[WhiteElo "1500"]
[BlackElo "1650"]

1. e4 e5 2. Bc4 a6 3. Qf3 Nf6 4. Nc3 b5 5. Bb3 c6 6. a4 b4 7. Nce2 a5 8. Nh3 h6
9. Ng3 c5 10. Bc4 d5 11. exd5 Bb7 12. Bb5+ Ke7 13. Nf5# 1-0

[Event "Your Revenge For 1/1 Heinrich?"]
[Site "http://www.queenalice.com/game.php?id=875388"]
[Date "2010.12.22"]
[Round "-"]
[White "LangleySaxon"]
[Black "heinrich79"]
[Result "0-1"]
[WhiteElo "1528"]
[BlackElo "1665"]

1. e4 c5 2. Bc4 d6 3. Qf3 Nf6 4. Nc3 Bg4 5. Qf4 Nbd7 6. Nd5 Qa5 7. Nf3 Bxf3 8.
Qxf3 Ne5 9. Qf5 Nxc4 10. b3 e6 11. Nxf6+ Ke7 0-1